00370nam a2200145Ia 4500008004100000041000800041082001600049100001300065245004400078250001600122260003600138300003300174365001100207440000600218240624s9999 xx 000 0 und d aeng a346.066 RAM aRAMAYA A aGUIDE TO THE COMPANIES ACT WITH CHANGES a(16 th ed.) c2006aNagpurbCapitla Law House alxiv, : 6806 : p. : cm. ; 23 cRSb15 v4